000 00716nam a2200181Ia 4500
008 090124s9999 xx 000 0 und d
082 _b26055
_a3363
100 _aखांडगे भास्कर
245 _a दया पवार यांच्या साहित्याचा अभ्यास
250 _a1
260 _c1989
300 _a179
600 _aखांडगे भास्कर
630 _a दया पवार यांच्या साहित्याचा अभ्यास
700 _aखांडगे भास्कर
730 _a दया पवार यांच्या साहित्याचा अभ्यास
942 _cBOOK
999 _c139539
_d139539